000 00581nam a2200181 i 4500
001 75910
003 ES-MaACL
005 20230906172641.0
007 t|
008 040928q1920 xxk ||||1| eng d
100 1 _aGrimm, Jacob (
_d1785-1863)
_960060
245 1 0 _aFairy tales /
_cJakob Ludwig Karl Grimm ; with four full-page illustrations by Mabel Lucie Outtwell.
260 _aLondon :
_bCassell and Company,
_c[1920?]
300 _a409 p. ;
_c19 cm.
700 1 _aAttwell, Mabel Lucie.
_923776
700 1 _aGrimm, Wilhelm (
_d1786-1859)
_9168467
852 _aES-MaACL
_jC-1386
999 _c75910
_d75910